000 00855nam a2200193 a 4500
001 49308
005 20180714033944.0
008 140415s2001 mx 000 0 spa d
020 _a9701028252
041 _aspa
082 _a302.2
_bFER
100 1 _aFernández Collado, Carlos,.
245 1 3 _aLA COMUNICACION HUMANA :
_bEN EL MUNDO CONTEMPORANEO
250 _a2a ed.
260 _aMEXICO :
_bMCGRAW-HILL INTERAMERICANA EDITORES,
_c2001
300 _a766
_c23.5 x 18.9 x 2.1
520 _aLA SEGUNDA EDICION DE LA COMUNICACION HUMANA EN EL MUNDO CONTEMPORANEO PONE AL DIA LOS TEMAS QUE HICIERON SU PUBLICACION ANTEIOR UN LIBRO CLASICO PAR ESTUDIANTES Y ACADEMICOS DE COMUNICACION. ADEMAS, INCORPORA LAS NUEVAS TENDENCIAS Y EL IMPACTO DE LA TECNOLOGIA EN LOS TEMAS FUNDAMENTALES DE ESTA DISCIPLINA.
650 1 4 _aCOMUNICACION SOCIAL
999 _c49308
_d49308